000 00713 a2200205 4500
010 _aENG-89869
020 _a8124114186
_c495.00
035 _aEN-73402
037 _bDBAD / PUB
082 1 4 _a386.45
090 _c11907
_d11907
100 1 _aSubramanian Swamy
245 1 _aRama Setu:
_bsymbol of national unity/
_cby Subramanian Swamy
260 _aNew Delhi
_bHar-Anand Publications
_c2008
270 _aE-49/3, Okhla Induatrial Area, Phase-II
_bNew Delhi
_e110020
_k41603490
_l41708607
300 _a224p.:
_c22 cm. (Hb)
_bcol. photos
500 _aIncludes index.
942 _adpl
_cEN
_k386.45 / SUB
999 _c11553
_d11553